000 00763nam a2200241 a 4500
001 000034772
005 20200930073908.0
008 111019s1994 sp 000 f spa d
020 _a8472236552
040 _aDO-SdBNP
_bspa
_cBNPHU
082 _aCh863.44
_bS479v, 1994
100 1 _aSepúlveda, Luis,
_d1949-
_912648
245 1 3 _aUn viejo que leía novelas de amor /
_cLuis Sepúlveda.
250 _a17a ed.
260 _aBarcelona :
_bTus Quets Editores,
_c1994.
300 _a137 p.
490 1 _aColección andanzas
_v180
586 _aPremio "Tigre Juan" año 1988 Oviedo, España
650 4 _aNovela chilena
_93163
650 4 _aLiteratura chilena
_93164
830 0 _aColección andanzas
_v180
_921681
910 _aValidado. Control de calidad BNPHU
999 _c34263
_d34263